| 000 | 01153cam a22003137a 4500 | ||
|---|---|---|---|
| 005 | 20220329141207.0 | ||
| 008 | 971010s1991 r 00010 d | ||
| 010 | _a64145 | ||
| 011 | _a65117 | ||
| 035 | _a71330 | ||
| 090 | _aTesis | ||
| 090 | _aV639 | ||
| 100 | 0 | 0 |
_aVillagómez Zamudio, Estanislao. _9119412 |
| 245 | 0 | _aFertilización fosfórica para la producción de semilla del pasto orchard (Dactylis glomerata L., var. Potomac) | |
| 260 |
_aChapingo, Méx. : _bEl autor, _c1991 |
||
| 502 | _aTesis (Ing. Agrónomo Esp. en Zootecnia) -- UACH. Departamento de Zootecnia | ||
| 590 |
_aALEPH _b10 _c20130110 _lUCH01 _h1350 |
||
| 590 |
_aBATCH-UPD _b10 _c20130110 _lUCH01 _h2012 |
||
| 590 |
_aBATCH-UPD _b10 _c20130410 _lUCH01 _h1331 |
||
| 590 |
_aBATCH-UPD _b10 _c20130914 _lUCH01 _h1135 |
||
| 590 |
_aCONVERSION _b10 _c20130109 _lUCH01 _h1335 |
||
| 650 | 1 | 4 |
_aDactylis glomerata. _930865 |
| 650 | 1 | 4 |
_aFertilizantes fosfatados. _940592 |
| 650 | 1 | 4 |
_aFertilizantes para pastos. _940632 |
| 650 | 1 | 4 |
_aPastos _xSemilla. _986077 |
| 710 | 0 |
_aUACH. Departamento de Zootecnia. _9115904 |
|
| 901 | _aBK | ||
| 949 |
_aV639 _bZ _cTESBD _d-3945 _eTS1 _h811 _i71330 _si |
||
| 999 |
_c64145 _d64145 |
||